[Event "Budapest op 1st"]
[Site "Budapest"]
[Date "2011.08.28"]
[Round "9"]
[White "Bartuszek, Andras"]
[Black "Lajtos, Levente"]
[Result "1-0"]
[WhiteElo "1883"]
[BlackElo "1704"]
[PlyCount "77"]
[EventDate "2011.08.20"]
[EventType "swiss"]
[EventRounds "9"]
[EventCountry "HUN"]
[SourceTitle "EXT 2022"]
[Source "ChessBase"]
[SourceDate "2021.10.06"]
[SourceVersion "1"]
[SourceVersionDate "2021.10.06"]
[SourceQuality "1"]

1. e4 c5 2. Nf3 d6 3. d4 cxd4 4. Nxd4 Nf6 5. Nc3 g6 6. Be3 Bg7 7. f3 0-0 8. Qd2 Nc6 9. 0-0-0 Bd7 10. Kb1 Rc8 11. g4 Ne5 12. h4 h5 13. g5 Ne8 14. Qe1 e6 15. f4 Nc4 16. Bc1 Qb6 17. Bxc4 Rxc4 18. Nb3 a5 19. e5 Bc6 20. Rh3 dxe5 21. fxe5 a4 22. Be3 Qb4 23. a3 Qe7 24. Na5 Rg4 25. Bb6 Nc7 26. Nxc6 bxc6 27. Ne4 Na6 28. Nf6+ Bxf6 29. gxf6 Qb7 30. Ba5 Kh7 31. Qe3 Rb8 32. b3 axb3 33. cxb3 Ra4 34. Bd2 g5 35. Qxg5 Rg4 36. Qxh5+ Kg8 37. Qxg4+ Kf8 38. Bh6+ Ke8 39. Qg8# 1-0

[Event "HUN-chT U18"]
[Site "Miskolc"]
[Date "2010.11.03"]
[Round "3.14"]
[White "Markovics, Tamas"]
[Black "Lajtos, Levente"]
[Result "1/2-1/2"]
[WhiteElo "1605"]
[BlackElo "1662"]
[PlyCount "71"]
[EventDate "2010.11.02"]
[EventType "team-swiss"]
[EventRounds "8"]
[EventCountry "HUN"]
[SourceTitle "EXT 2016"]
[Source "ChessBase"]
[SourceDate "2015.10.08"]
[SourceVersion "1"]
[SourceVersionDate "2015.10.08"]
[SourceQuality "1"]

1. e4 c5 2. Nf3 d6 3. d4 cxd4 4. Nxd4 Nf6 5. Nc3 g6 6. Bc4 Bg7 7. 0-0 0-0 8. Bg5 Nc6 9. Nf3 Bg4 10. h3 Bd7 11. Qd2 Qa5 12. Qe3 Rac8 13. Bb3 Rfd8 14. Bf4 Ne5 15. Bxe5 dxe5 16. Ng5 e6 17. Nf3 Bc6 18. Rad1 a6 19. Nd2 Nd7 20. f3 Qc5 21. Qxc5 Nxc5 22. Rfe1 Nxb3 23. Nxb3 b6 24. Re2 Rxd1+ 25. Nxd1 Rd8 26. Rd2 Rxd2 27. Nxd2 f5 28. Nc3 b5 29. a3 Bh6 30. Ncb1 Be3+ 31. Kf1 a5 32. Ke2 Bb6 33. b3 Kf7 34. c4 Bc5 35. Kd3 Ke7 36. cxb5 1/2-1/2

[Event "HUN-chT2 Erkel 1011"]
[Site "Hungary"]
[Date "2010.10.24"]
[Round "4.12"]
[White "Lajtos, Levente"]
[Black "Grimm, Daniel"]
[Result "1/2-1/2"]
[WhiteElo "1662"]
[BlackElo "1879"]
[PlyCount "83"]
[EventDate "2010.09.12"]
[EventType "team-tourn"]
[EventRounds "11"]
[EventCountry "HUN"]
[SourceTitle "EXT 2012"]
[Source "ChessBase"]
[SourceDate "2011.11.24"]
[SourceVersion "1"]
[SourceVersionDate "2011.11.24"]
[SourceQuality "1"]
[WhiteTeam "Budapest MTK"]
[BlackTeam "Barcza"]
[WhiteTeamCountry "HUN"]
[BlackTeamCountry "HUN"]

1. d4 Nf6 2. c4 g6 3. Nc3 Bg7 4. e4 0-0 5. Be2 d6 6. Bg5 Nbd7 7. Qd2 c6 8. f3 e5 9. d5 c5 10. Nh3 a6 11. a4 Qa5 12. Nf2 Re8 13. 0-0 h5 14. Rfc1 Nf8 15. Ncd1 Qxd2 16. Bxd2 Rb8 17. b4 N6d7 18. b5 Ra8 19. Rcb1 a5 20. Rb3 b6 21. Rc1 Nh7 22. Bd3 Ra7 23. Bc2 Ndf8 24. Nc3 f5 25. Ne2 f4 26. g3 g5 27. Kg2 Ng6 28. Rh1 Rf7 29. gxf4 Nxf4+ 30. Nxf4 gxf4 31. Rg1 Bf6 32. Kf1+ Rg7 33. Rxg7+ Kxg7 34. Rb1 Rg8 35. Ke2 Kf7 36. Rh1 Rg2 37. h4 Nf8 38. Be1 Bd8 39. Kf1 Rg3 40. Bd1 Rg7 41. Nd3 Bd7 42. Bf2 1/2-1/2

[Event "HUN-chT2 Erkel 1011"]
[Site "Hungary"]
[Date "2010.09.12"]
[Round "1.11"]
[White "Horvath, Zoltan2222"]
[Black "Lajtos, Levente"]
[Result "0-1"]
[WhiteElo "1997"]
[BlackElo "1662"]
[PlyCount "72"]
[EventDate "2010.09.12"]
[EventType "team-tourn"]
[EventRounds "11"]
[EventCountry "HUN"]
[SourceTitle "EXT 2012"]
[Source "ChessBase"]
[SourceDate "2011.11.24"]
[SourceVersion "1"]
[SourceVersionDate "2011.11.24"]
[SourceQuality "1"]
[WhiteTeam "Matra"]
[BlackTeam "Budapest MTK"]
[WhiteTeamCountry "HUN"]
[BlackTeamCountry "HUN"]

1. e4 c5 2. f4 d6 3. Nf3 Nc6 4. d3 Nf6 5. Be2 g6 6. 0-0 Bg7 7. c3 0-0 8. h3 Qb6 9. Nbd2 Nh5 10. Nc4 Qc7 11. Qe1 b5 12. Na3 a6 13. g4 Nf6 14. Nc2 Qb6 15. Be3 b4 16. e5 Nd5 17. exd6 exd6 18. Bd2 bxc3 19. bxc3 Qb2 20. c4 Qxc2 21. cxd5 Bxa1 22. Qxa1 Ne7 23. Rc1 Qa4 24. Qf6 Nxd5 25. Qxd6 Be6 26. f5 Rad8 27. Qe5 Bc8 28. fxg6 hxg6 29. Qg5 Rfe8 30. Bd1 Qxa2 31. Rxc5 Qb1 32. Rc1 Qxd3 33. Kf2 Bb7 34. Bc2 Qe2+ 35. Kg3 Ne7 36. Qf6 Qxf3+ 0-1

[Event "HUN-ch U12"]
[Site "Budapest"]
[Date "2010.07.04"]
[Round "9"]
[White "Wanger, Tamas"]
[Black "Lajtos, Levente"]
[Result "1/2-1/2"]
[WhiteElo "1770"]
[BlackElo "1673"]
[PlyCount "119"]
[EventDate "2010.06.26"]
[EventType "swiss"]
[EventRounds "9"]
[EventCountry "HUN"]
[SourceTitle "CBM 137 Extra"]
[Source "ChessBase"]
[SourceDate "2010.09.01"]
[SourceVersion "1"]
[SourceVersionDate "2010.09.01"]
[SourceQuality "1"]

1. d4 d5 2. c4 e5 3. dxe5 d4 4. Nf3 Nc6 5. a3 Bg4 6. Nbd2 Nge7 7. Qb3 Rb8 8. h3 Be6 9. Qc2 Ng6 10. b4 Ncxe5 11. Bb2 c5 12. Nxe5 Nxe5 13. bxc5 Bxc5 14. Qe4 Nc6 15. g3 0-0 16. Bg2 Qa5 17. Qc2 Ne5 18. 0-0 Rfc8 19. Nb3 Qb6 20. Nxc5 Qxc5 21. Rfd1 Rd8 22. Qe4 Nxc4 23. Bxd4 Qa5 24. Qf4 b6 25. Be4 h6 26. Bf3 Qg5 27. Qxg5 hxg5 28. Bg2 Rd7 29. Bc6 Rd6 30. Bb5 Rbd8 31. e3 Na5 32. Ba4 Bxh3 33. Rdc1 Bd7 34. Bxd7 R6xd7 35. Rc3 Rd6 36. Rac1 a6 37. Kg2 b5 38. Bc5 Rc6 39. Be7 Rxc3 40. Rxc3 Rd5 41. Rc8+ Kh7 42. Bb4 Nc4 43. Ra8 a5 44. Bxa5 Nxa3 45. Bc3 Nc4 46. Bd4 Nd6 47. Rb8 g4 48. Rb6 Nf5 49. Rb7 Nxd4 50. exd4 Kg6 51. Kf1 Kf6 52. Ke2 Rxd4 53. Rxb5 Kg6 54. Rb6+ f6 55. Rb5 f5 56. Rb7 Kh6 57. f3 gxf3+ 58. Kxf3 g6 59. Rb3 Kg5 60. Ra3 1/2-1/2

[Event "HUN-ch U12"]
[Site "Budapest"]
[Date "2010.07.02"]
[Round "7"]
[White "Zsembery, Aron"]
[Black "Lajtos, Levente"]
[Result "1-0"]
[WhiteElo "1902"]
[BlackElo "1673"]
[PlyCount "87"]
[EventDate "2010.06.26"]
[EventType "swiss"]
[EventRounds "9"]
[EventCountry "HUN"]
[SourceTitle "CBM 137 Extra"]
[Source "ChessBase"]
[SourceDate "2010.09.01"]
[SourceVersion "1"]
[SourceVersionDate "2010.09.01"]
[SourceQuality "1"]

1. e4 c5 2. Nf3 d6 3. d4 cxd4 4. Nxd4 Nf6 5. f3 e5 6. Bb5+ Bd7 7. Bxd7+ Qxd7 8. Nf5 d5 9. Bg5 dxe4 10. Bxf6 Qxd1+ 11. Kxd1 gxf6 12. fxe4 Nd7 13. Nd2 0-0-0 14. c3 Nc5 15. Kc2 h5 16. Rhf1 Bh6 17. Nxh6 Rxh6 18. b4 Ne6 19. Rf2 Ng5 20. h4 Nh7 21. Nc4 Rg6 22. Ne3 Rg3 23. Nf5 Rg4 24. Re1 Rd7 25. g3 Kc7 26. Rf3 b5 27. Ne3 Rg6 28. Nd5+ Kd6 29. Rd1 Ke6 30. Rdd3 a6 31. Rf5 Rh6 32. Kb3 Nf8 33. Rdf3 Nh7 34. c4 bxc4+ 35. Kxc4 Rb7 36. a4 Rg6 37. b5 axb5+ 38. axb5 Rg4 39. Nxf6 Nxf6 40. Rxf6+ Kd7 41. Rxf7+ Kc8 42. Rxb7 Kxb7 43. Kd5 Kb6 44. Rb3 1-0

[Event "HUN-ch U12"]
[Site "Budapest"]
[Date "2010.07.01"]
[Round "6"]
[White "Merk, Andras"]
[Black "Lajtos, Levente"]
[Result "0-1"]
[WhiteElo "1556"]
[BlackElo "1673"]
[PlyCount "72"]
[EventDate "2010.06.26"]
[EventType "swiss"]
[EventRounds "9"]
[EventCountry "HUN"]
[SourceTitle "CBM 137 Extra"]
[Source "ChessBase"]
[SourceDate "2010.09.01"]
[SourceVersion "1"]
[SourceVersionDate "2010.09.01"]
[SourceQuality "1"]

1. e4 c5 2. Nf3 d6 3. d4 cxd4 4. Nxd4 Nf6 5. Nc3 g6 6. Bb5+ Bd7 7. 0-0 Bg7 8. Kh1 0-0 9. f4 Bg4 10. Qe1 a6 11. Bc4 Nc6 12. Nxc6 bxc6 13. e5 dxe5 14. fxe5 Nd5 15. Bg5 Nxc3 16. bxc3 Qc7 17. Qf2 e6 18. Bf6 Bxf6 19. exf6 Bf5 20. Qh4 Qe5 21. Bd3 h5 22. Qg5 Kh7 23. Bxf5 exf5 24. Rae1 Qxc3 25. Qh4 Qxc2 26. Rc1 Qe4 27. h3 Qxh4 28. Rxc6 Qa4 29. Rc7 Qxa2 30. Re1 a5 31. Ree7 a4 32. Rc6 a3 33. Rec7 Qb2 34. Rc2 Qxc2 35. Rxc2 a2 36. Rxa2 Rxa2 0-1

[Event "HUN-chT2 Erkel 0910"]
[Site "Hungary"]
[Date "2010.01.31"]
[Round "5.12"]
[White "Lajtos, Levente"]
[Black "Grimm, Daniel"]
[Result "0-1"]
[WhiteElo "1659"]
[BlackElo "1541"]
[PlyCount "88"]
[EventDate "2009.11.08"]
[EventType "team-tourn"]
[EventRounds "11"]
[EventCountry "HUN"]
[SourceTitle "EXT 2011"]
[Source "ChessBase"]
[SourceDate "2010.11.26"]
[SourceVersion "1"]
[SourceVersionDate "2010.11.26"]
[SourceQuality "1"]
[WhiteTeam "Budapest MTK"]
[BlackTeam "Barcza"]
[WhiteTeamCountry "HUN"]
[BlackTeamCountry "HUN"]

1. d4 Nf6 2. c4 g6 3. Nf3 Bg7 4. Nc3 0-0 5. Bg5 h6 6. Bh4 d6 7. e3 Nbd7 8. Be2 c5 9. 0-0 b6 10. Qc2 cxd4 11. exd4 Bb7 12. Rfd1 d5 13. b3 Rc8 14. Ne5 g5 15. Bg3 e6 16. Qd3 Ne4 17. Nxd7 Qxd7 18. Nb5 a6 19. Nc3 dxc4 20. bxc4 Nxc3 21. Qxc3 Rfd8 22. Be5 Bxe5 23. dxe5 Qc7 24. h3 Rd5 25. Rxd5 Bxd5 26. Rd1 Qc6 27. Kh2 b5 28. c5 Qxc5 29. Qxc5 Rxc5 30. a4 Rc2 31. Re1 bxa4 32. Bf3 Bxf3 33. gxf3 a3 34. Ra1 a2 35. Kg3 Kg7 36. Re1 Rb2 37. Ra1 Kg6 38. f4 Kf5 39. f3 a5 40. fxg5 hxg5 41. f4 gxf4+ 42. Kf3 Kxe5 43. h4 Kf5 44. h5 e5 0-1

[Event "Budapest FS05 FM-B"]
[Site "Budapest"]
[Date "2009.05.09"]
[Round "8"]
[White "Lajtos, Levente"]
[Black "Klein, Rafael2222"]
[Result "1-0"]
[WhiteElo "1632"]
[BlackElo "1617"]
[PlyCount "79"]
[EventDate "2009.05.02"]
[EventType "tourn"]
[EventRounds "9"]
[EventCountry "HUN"]
[SourceTitle "CBM 130 Extra"]
[Source "ChessBase"]
[SourceDate "2009.07.02"]
[SourceVersion "2"]
[SourceVersionDate "2009.07.15"]
[SourceQuality "1"]

1. Nf3 d6 2. g3 g6 3. Bg2 Bg7 4. d3 Nc6 5. 0-0 e5 6. Nbd2 Nge7 7. Nc4 0-0 8. e4 f5 9. exf5 gxf5 10. Bg5 d5 11. Ncd2 e4 12. Ne1 Bxb2 13. Bh6 Rf6 14. Rb1 Be5 15. Qh5 Rg6 16. Bg5 Nd4 17. Bh3 f4 18. Bxc8 Rxc8 19. dxe4 fxg3 20. hxg3 Qe8 21. Nd3 Bf6 22. Bxf6 Rxg3+ 23. fxg3 Qxh5 24. Bxe7 Ne2+ 25. Kg2 Qg4 26. Bh4 Nc3 27. Rbe1 Re8 28. Rf5 h6 29. Rf4 Qd7 30. Nc5 Qc6 31. Ref1 Qxc5 32. Rg4+ Kh8 33. Bf6+ Kh7 34. Rg7+ Kh8 35. Rxc7+ Kg8 36. Rxc5 Nxe4 37. Nxe4 dxe4 38. Rc7 Rf8 39. Rxb7 a5 40. Rf4 1-0

[Event "Budapest FS05 FM-B"]
[Site "Budapest"]
[Date "2009.05.05"]
[Round "4"]
[White "Lajtos, Levente"]
[Black "Szoukup, Istvan"]
[Result "0-1"]
[WhiteElo "1632"]
[BlackElo "1839"]
[PlyCount "82"]
[EventDate "2009.05.02"]
[EventType "tourn"]
[EventRounds "9"]
[EventCountry "HUN"]
[SourceTitle "CBM 130 Extra"]
[Source "ChessBase"]
[SourceDate "2009.07.02"]
[SourceVersion "2"]
[SourceVersionDate "2009.07.15"]
[SourceQuality "1"]

1. Nf3 Nf6 2. g3 d5 3. Bg2 g6 4. 0-0 Bg7 5. d3 0-0 6. Nbd2 b6 7. c4 c6 8. Rb1 Bb7 9. b3 Nbd7 10. Bb2 Re8 11. d4 c5 12. e3 Qc7 13. Qe2 a6 14. Rfc1 Rac8 15. cxd5 Nxd5 16. Rc2 Nb4 17. Rc4 b5 18. Rcc1 Nxa2 19. Rc2 Nb4 20. Rcc1 Qd6 21. h4 Na2 22. Rc2 cxd4 23. Rxc8 Rxc8 24. Nxd4 Bxg2 25. Kxg2 Bxd4 26. Bxd4 e5 27. Ba1 Rc2 28. Rd1 Nc5 29. Ne4 Rxe2 30. Nxd6 f6 31. Kf1 Rc2 32. Rb1 Rc1+ 33. Rxc1 Nxc1 34. b4 Na4 35. f4 Nb3 36. fxe5 Nxa1 37. exf6 Nc2 38. e4 Nxb4 39. e5 Nc5 40. g4 Nbd3 41. f7+ Kf8 0-1

[Event "Budapest FS05 FM-B"]
[Site "Budapest"]
[Date "2009.05.04"]
[Round "3"]
[White "Szabo, Miklos"]
[Black "Lajtos, Levente"]
[Result "0-1"]
[WhiteElo "1453"]
[BlackElo "1632"]
[PlyCount "46"]
[EventDate "2009.05.02"]
[EventType "tourn"]
[EventRounds "9"]
[EventCountry "HUN"]
[SourceTitle "CBM 130 Extra"]
[Source "ChessBase"]
[SourceDate "2009.07.02"]
[SourceVersion "2"]
[SourceVersionDate "2009.07.15"]
[SourceQuality "1"]

1. d4 d5 2. Nf3 Nf6 3. c4 e6 4. e3 c5 5. Nc3 Nc6 6. a3 a6 7. Qc2 Qa5 8. Bd2 Qc7 9. cxd5 exd5 10. Rc1 c4 11. Be2 Bd6 12. e4 dxe4 13. Nxe4 Ng4 14. Nxd6+ Qxd6 15. Qxc4 Be6 16. Qc5 Qd7 17. Bf4 Rd8 18. h3 Nf6 19. Bd3 Nxd4 20. Nxd4 Qxd4 21. Bb5+ axb5 22. Qxb5+ Qd7 23. Rc7 Qxb5 0-1